Woher kommen die Mythenwesen? (Bilderversion) - Statistiken

Allgemein
  • Dieses Quiz wurde 83 mal gespielt
  • Das Durchschnittsergebnis liegt bei 11 aus 36
Antwortstatistiken
Bildquiz Antwort % Korrekt
China
86%
Rumänien
86%
Griechenland
72%
China
61%
Griechenland
60%
Japan
58%
Griechenland
56%
Japan
56%
USA
56%
Griechenland
50%
Dänemark
49%
Japan
49%
Schottland
44%
Deutschland
40%
Japan
39%
Japan
39%
Griechenland
38%
Deutschland
33%
Arabien
25%
Japan
22%
Indien
18%
Tibet
17%
Israel
15%
Japan
10%
England
7%
Island
7%
Israel
7%
Keltisch
6%
Nordisch/Skandinavisch
6%
Nordisch/Skandinavisch
6%
Arabien
4%
Germanisch
4%
Keltisch
4%
Keltisch
4%
Nordisch/Skandinavien
4%
Slawisch
3%
Keine übereinstimmenden Quizze gefunden
Verteilung der Resultate
Anzahl Personen mit jedem Resultat
Perzentil nach korrekt beantworteten Fragen
Ihre Resultats-Entwicklung
Sie haben dieses Quiz noch nicht gespielt